00455nam a22001577a 450000500170000001000150001702000300003203500140006203700090007608200080008510000170009324500390011026000500014927000770019930000210027620220103143953.0 aENG-130864 a978-93-5350-538-7c999.00 aEN-114396 bDBAD a530 aSharma, B.M. aPhysics for JEE MAIN:cB.M. Sharma aDelhibCengage Learning India Pvt. Ltd.c2017 bDelhie110091aT-303, 3rd Floor DAV Complex, Plot 3, Mayur Vihar Phase 1 a1436pc27cm(pbk)